Guess the cartoon character by picture #2 - Statistics

General Stats
  • This quiz has been taken 42 times
  • The average score is 13 of 20
Answer Stats
Picture Answer % Correct
Jerry
95%
Olaf
89%
The Grinch
89%
Ariel
87%
Mr Bean
87%
Peter Pan
87%
Belle
82%
Tinker Bell
82%
Charmander
79%
Pluto
74%
Lois Griffin
66%
Eric Cartman
63%
Jessie
61%
Porky Pig
53%
Hiccup
47%
Carnage
37%
Gwen
32%
Barney Rubble
29%
Vilgax
16%
Mark Evans
8%
No matching quizzes found
Score Distribution
Percent of People with Each Score
Percentile by Number Answered
Your Score History
You have not taken this quiz